California art festival : Lytton Center of the Visual Arts selects California art from American museums.

Bibliographic Details
Corporate Author: Lytton Center of the Visual Arts
Other Authors: Lytton, Bart, 1912-1969
Format: Book
Language:English
Published: Los Angeles : Lytton Center of the Visual Arts, [between 1970 and 1979?]
Subjects:

MARC

Tag First Indicator Second Indicator Subfields
LEADER 00000cam a2200000 i 4500
001 in00000008744
005 20151003090017.0
008 800226s1970 caua 00010 eng d
035 |a (OCoLC)06023286 
035 |9 AAA1155AM 
040 |a CLB  |c CLB  |d TXA  |d UtOrBLW 
050 4 |a N6530.C2  |b L9 1970z 
110 2 |a Lytton Center of the Visual Arts. 
245 1 0 |a California art festival :  |b Lytton Center of the Visual Arts selects California art from American museums. 
264 1 |a Los Angeles :  |b Lytton Center of the Visual Arts,  |c [between 1970 and 1979?] 
300 |a 32 unnumbered pages :  |b illustrations ;  |c 22 cm. 
336 |a text  |b txt  |2 rdacontent 
337 |a unmediated  |b n  |2 rdamedia 
338 |a volume  |b nc  |2 rdacarrier 
500 |a Cover title. 
650 0 |a Art, American  |z California. 
650 0 |a Art, American  |v Exhibitions. 
650 0 |a Art  |z California. 
700 1 |a Lytton, Bart,  |d 1912-1969. 
999 |a MARS 
999 f f |s 45a27e51-84f2-3e57-8f24-74cf26270e76  |i 7f9e3c65-9aba-355b-bc45-7ff34c7cbc40  |t 0 
952 f f |p normal  |a Texas A&M University  |b College Station  |c Sterling C. Evans Library  |d Evans: Library Stacks  |t 0  |e N6530.C2 L9 1970z  |h Library of Congress classification  |i unmediated -- volume  |m A14812546954 
952 f f |p storage  |a Texas A&M University  |b J.J. Pickle Campus  |c High Density Repository  |d Remote Storage  |t 0  |e N6530.C2 L9 1970z  |h Library of Congress classification  |i unmediated -- volume  |m A14812546857 
998 f f |a N6530.C2 L9 1970z  |t 0  |l Remote Storage 
998 f f |a N6530.C2 L9 1970z  |t 0  |l Evans: Library Stacks